Music Trivia: Artists Who Worked With More Than One Band - Statistics

General Stats
  • This quiz has been taken 76 times
  • The average score is 5 of 15
Answer Stats
These bands have which musician in common? Answer % Correct
Blind Faith, Derek and the Dominoes, Cream Eric Clapton
84%
Them Crooked Vultures, Nirvana, Foo Fighters Dave Grohl
75%
Dead Weather, The Raconteurs, The White Stripes Jack White
71%
Small Faces, Rolling Stones,Jeff Beck Group Ronnie Wood
55%
The Spencer Davis Group, Traffic Steve Winwood
39%
Kyuss, Queens of the Stone Age, Eagles of Death Metal Josh Homme
26%
New Riders of the Purple Sage, Grateful Dead, Legion of Mary, Old and In the Way Jerry Garcia
23%
John Mayall's Bluesbreakers, Rolling Stones Mick Taylor
23%
Johnny Marr and the Healers, Oasis, The Who (touring member-not original) Zak Starkey
14%
Yes, Asia, GTR Steve Howe
12%
Living Color, Yohimbe Brothers, Masque Vernon Reid
10%
Gov't Mule, The Allman Brothers Band Warren Haynes
7%
Dixie Dregs, Kansas, Deep Purple Steve Morse
6%
Buffalo Springfield, Poco Richie Furay
4%
Mudcrutch, The Heartbreakers, Works Progress Administration Benmont Tench
3%
No matching quizzes found
Score Distribution
Percent of People with Each Score
Percentile by Number Answered
Your Score History
You have not taken this quiz